Представление документа в формате RUSMARC

ПолеНазваниеЗначение
  Тип записи a
  Библиографический уровень m
001 Контрольный номер RU/CBS_UL/BASE/80ded4cea7af4c6fa8c07dc52a17ece4
005 Дата корректировки 20260423103658.7
010 Индекс ISBN __
a ISBN 978-5-04-221686-2
d Цена 217 р. 00 к.
9 Тираж 5 782 экз.
100 Данные общей обработки __
a Данные общей обработки 20211124d2021 ||| 0rusy0189 ca
101 Язык документа 0_
a Язык текста rus
102 Страна публикации __
a Страна публикации RU
200 Заглавие и сведения об ответственности 1_
a Заглавие Смерть за добрые дела
e Сведения, относящиеся к заглавию роман
f Первые сведения об ответственности А. В. Литвинова, С. Литвинов
210 Выходные данные 1_
a Место издания Москва
c Издательство ЭКСМО
d Дата издания 2025
215 Физическое описание __
a Объем 316, [1] с.
d Формат 20 см.
300 Общие примечания __
a Общие примечания 16+
300 Общие примечания __
a Общие примечания Последнее дело Нади и Димы
606 Тематические рубрики 0_
a Основная рубрика Российская литература, 20-21 вв. - Детективы
610 Ключевые слова 0_
a Ключевые слова детективы современные
a Ключевые слова интриги детективные
a Ключевые слова убийства
a Ключевые слова общества тайные
a Ключевые слова повороты судьбы
a Ключевые слова расследования частные
a Ключевые слова опасности смертельные
686 Индексы других классификаций __
a Классификационный индекс 84(2Рос=Рус)6
2 Код системы rubbk
700 Автор _1
a Фамилия Литвинова
b Имя (инициалы) А. В.
g Полное личное имя Анна Витальевна
701 Альтернативная интеллектуальная ответственность _1
a Фамилия Литвинов
b Имя (инициалы) С.
801 Источник записи _0
a Страна RU
b Организация МБУК ЦБС
c Дата составления 20211124
g Правила каталогизации RCR
801 Источник записи _1
a Страна RU
b Организация МБУК ЦБС г. Ульяновска
c Дата составления 20211124
g Правила каталогизации RCR
899 Данные о местонахождении __
i Авторский знак Л 64
j Расстановочный фильтр Р6
900 Электронные ресурсы __
a Имя электронного ресурса Литвинова, Анна Витальевна. Смерть за добрые дела
901 Тип документа __
t Тип документа m